000 00632nam a2200181Ia 4500
008 090124s9999 xx 000 0 und d
082 _b17832
_a1978
100 _aकालेलकर मधुसूदन
245 _a हा स्वर्ग सात पावलांचा
250 _a1
260 _c1970
300 _a122
600 _aकालेलकर मधुसूदन
630 _a हा स्वर्ग सात पावलांचा
700 _aकालेलकर मधुसूदन
730 _a हा स्वर्ग सात पावलांचा
942 _cBOOK
999 _c131772
_d131772